|
|
|
|
| LEADER |
01340nam a2200325 a 4500 |
| 001 |
00026526 |
| 008 |
130117s2000 maua 000 0 eng |
| 020 |
|
|
|a 9780807004470
|
| 020 |
|
|
|a 0807004472
|
| 040 |
|
|
|a BD-DhAAL
|c BD-DhAAL
|
| 082 |
0 |
0 |
|a 362.1/042/0973
|2 21
|
| 245 |
0 |
0 |
|a Is inequality bad for our health? /
|c [compiled by] Norman Daniels, Bruce Kennedy, and Ichiro Kawachi ; foreword by Amartya Sen ; edited by Joshua Cohen and Joel Rogers for Boston Review.
|
| 260 |
|
|
|a Boston :
|b Beacon Press,
|c c2000.
|
| 300 |
|
|
|a xx, 99 p. ;
|c 20 cm.
|
| 504 |
|
|
|a Includes bibliographical references
|
| 541 |
1 |
|
|e 00026526
|
| 650 |
|
0 |
|a Equality
|x Health aspects
|z United States.
|
| 650 |
|
0 |
|a Health services accessibility
|z United States.
|
| 650 |
|
0 |
|a Medical policy
|x Social aspects
|z United States.
|
| 650 |
|
0 |
|a Social medicine
|z United States.
|
| 650 |
1 |
2 |
|a Social Medicine
|
| 650 |
2 |
2 |
|a Health Policy
|
| 650 |
2 |
2 |
|a Health Services Accessibility
|
| 651 |
2 |
|
|a United States
|
| 700 |
1 |
|
|a Daniels, Norman,
|d 1942-
|
| 700 |
1 |
|
|a Kawachi, Ichirō.
|
| 700 |
1 |
|
|a Kennedy, Bruce,
|d 1950-
|
| 852 |
1 |
|
|a Ayesha Abed library
|c General Shelf
|
| 999 |
|
|
|c 13134
|d 13134
|
| 952 |
|
|
|0 0
|1 0
|2 ddc
|4 0
|6 362_104209730000000_ISI
|7 0
|9 21838
|a JPGSPH
|b JPGSPH
|c GEN
|d 2013-01-21
|e Trim Education
|g 2040.00
|l 0
|o 362.10420973 ISI
|p 3060026526
|r 2013-01-21
|t 1
|w 2013-01-21
|y BK
|